Methods of Real Analysis (Record no. 1833)
[ view plain ]
| 000 -LEADER | |
|---|---|
| fixed length control field | 00300nam a2200121Ia 4500 |
| 008 - FIXED-LENGTH DATA ELEMENTS--GENERAL INFORMATION | |
| fixed length control field | 191201s2019 xx 000 0 und d |
| 100 ## - MAIN ENTRY--PERSONAL NAME | |
| Personal name | GOLDBERG, Richard R |
| 245 #0 - TITLE STATEMENT | |
| Title | Methods of Real Analysis |
| 260 ## - PUBLICATION, DISTRIBUTION, ETC. (IMPRINT) | |
| Place of publication, distribution, etc | N.Delhi |
| Name of publisher, distributor, etc | Oxford University Press |
| 300 ## - PHYSICAL DESCRIPTION | |
| Extent | 359 |
| 650 ## - SUBJECT ADDED ENTRY--TOPICAL TERM | |
| Topical term or geographic name as entry element | Applied |
| 942 ## - ADDED ENTRY ELEMENTS (KOHA) | |
| Source of classification or shelving scheme | Dewey Decimal Classification |
| Koha item type | Text Books |
| Withdrawn status | Lost status | Source of classification or shelving scheme | Damaged status | Not for loan | Collection code | Home library | Current library | Date acquired | Source of acquisition | Cost, normal purchase price | Bill Number | Total Checkouts | Full call number | Acc. no. / Barcode | Date last seen | Bill Date | Koha item type |
|---|---|---|---|---|---|---|---|---|---|---|---|---|---|---|---|---|---|
| Dewey Decimal Classification | Applied Sc. | PIET C-LIBRARY | PIET C-LIBRARY | 21/08/2006 | M/s UBS, Delhi | 300.00 | 125382 | 515.8 GOM | 3336 | 04/12/2019 | 23/08/2005 | Reference Books | |||||
| Dewey Decimal Classification | Applied Sc. | PIET C-LIBRARY | PIET C-LIBRARY | 21/08/2006 | M/s UBS, Delhi | 300.00 | 125382 | 515.8 GOM | 3337 | 04/12/2019 | 23/08/2005 | Text Books | |||||
| Dewey Decimal Classification | Applied Sc. | PIET C-LIBRARY | PIET C-LIBRARY | 24/08/2006 | M/s UDH, Delhi | 160.00 | 125382 | 515.8 GOM | 3806 | 04/12/2019 | 23/08/2005 | Text Books |